000 00558nam a2200169 i 4500
001 100147
003 ES-MaACL
005 20250915063046.0
007 t|
008 050922s1957 sp ||||1| spa d
100 1 _aMartínez Val, José María,
_d1916-
_978455
245 1 0 _a¿Malversación de fondos o apropiación indebida?
_b: informe de defensa en causa criminal /
_cJosé María Martínez Val.
260 _aCiudad Real :
_b[s.n.],
_c1957 (
_fAlpha)
300 _a27 p. ;
_c21 cm.
852 _aES-MaACL
_j1996-F-10
_bR.40380
999 _c100147
_d100147